[Event "Grand Swiss "]
[Date "2025.09.08"]
[White "Shankland, Sam"]
[Black "Firouzja, Alireza"]
[WhiteElo "2670"]
[BlackElo "2754"]
[Round "5.5.8"]
[Result "0-1"]

1. e4 {[%clk 01:40:50] [%emt 00:00:09]} c5 {[%clk 01:40:56] [%emt 00:00:05]} 2.
Nf3 {[%clk 01:41:15] [%emt 00:00:05]} d6 {[%clk 01:41:21] [%emt 00:00:05]} 3. d4
{[%clk 01:41:41] [%emt 00:00:04]} cxd4 {[%clk 01:41:47] [%emt 00:00:04]} 4. Nxd4
{[%clk 01:42:07] [%emt 00:00:04]} Nf6 {[%clk 01:42:11] [%emt 00:00:06]} 5. Nc3
{[%clk 01:42:34] [%emt 00:00:03]} a6 {[%clk 01:42:36] [%emt 00:00:05]} 6. Bg5
{[%clk 01:42:46] [%emt 00:00:18]} e6 {[%clk 01:42:18] [%emt 00:00:48]} 7. f4
{[%clk 01:43:03] [%emt 00:00:13]} Qc7 {[%clk 01:37:21] [%emt 00:05:27]} 8. Qe2
{[%clk 01:43:15] [%emt 00:00:18]} Be7 {[%clk 01:25:59] [%emt 00:11:52]} 9. e5
{[%clk 01:37:01] [%emt 00:06:44]} dxe5 {[%clk 01:23:23] [%emt 00:03:06]} 10.
fxe5 {[%clk 01:37:28] [%emt 00:00:04]} Nd5 {[%clk 01:19:43] [%emt 00:04:10]} 11.
Nxd5 {[%clk 01:34:09] [%emt 00:03:49]} exd5 {[%clk 01:19:45] [%emt 00:00:28]}
12. Bxe7 {[%clk 01:33:04] [%emt 00:01:35]} Qxe7 {[%clk 01:20:09] [%emt
00:00:07]} 13. O-O-O {[%clk 01:31:09] [%emt 00:02:25]} Nc6 {[%clk 01:17:14]
[%emt 00:03:25]} 14. g3 {[%clk 01:28:35] [%emt 00:03:04]} Nxe5 {[%clk 00:54:47]
[%emt 00:22:56]} 15. Re1 {[%clk 01:27:08] [%emt 00:01:57]} f6 {[%clk 00:53:48]
[%emt 00:01:29]} 16. Bg2 {[%clk 01:27:01] [%emt 00:00:36]} Bg4 {[%clk 00:52:20]
[%emt 00:01:59]} 17. Bf3 {[%clk 01:08:33] [%emt 00:18:58]} Be6 {[%clk 00:51:38]
[%emt 00:01:12]} 18. Bh5+ {[%clk 01:08:08] [%emt 00:00:55]} g6 {[%clk 00:49:01]
[%emt 00:03:07]} 19. g4 {[%clk 01:06:20] [%emt 00:02:18]} gxh5 {[%clk 00:33:38]
[%emt 00:15:53]} 20. g5 {[%clk 01:06:36] [%emt 00:00:14]} Bg4 {[%clk 00:32:01]
[%emt 00:02:07]} 21. Qe3 {[%clk 01:06:29] [%emt 00:00:36]} O-O-O {[%clk
00:27:54] [%emt 00:04:37]} 22. gxf6 {[%clk 01:02:43] [%emt 00:04:17]} Qxf6
{[%clk 00:28:11] [%emt 00:00:12]} 23. Qxe5 {[%clk 00:59:32] [%emt 00:03:41]}
Qxe5 {[%clk 00:19:16] [%emt 00:09:25]} 24. Rxe5 {[%clk 00:59:56] [%emt
00:00:05]} Rhe8 {[%clk 00:19:42] [%emt 00:00:04]} 25. Rhe1 {[%clk 00:59:37]
[%emt 00:00:49]} Rxe5 {[%clk 00:20:05] [%emt 00:00:07]} 26. Rxe5 {[%clk
01:00:02] [%emt 00:00:04]} Rd7 {[%clk 00:19:13] [%emt 00:01:22]} 27. Nf5 {[%clk
00:49:59] [%emt 00:10:33]} Kc7 {[%clk 00:15:26] [%emt 00:04:17]} 28. Ne3 {[%clk
00:49:19] [%emt 00:01:09]} Kc6 {[%clk 00:14:54] [%emt 00:01:02]} 29. Kd2 {[%clk
00:43:29] [%emt 00:06:20]} Rf7 {[%clk 00:13:41] [%emt 00:01:43]} 30. Nxg4 {[%clk
00:35:35] [%emt 00:08:25]} hxg4 {[%clk 00:13:35] [%emt 00:00:35]} 31. Ke2 {[%clk
00:35:56] [%emt 00:00:09]} Rf3 {[%clk 00:11:48] [%emt 00:02:17]} 32. Rh5 {[%clk
00:35:18] [%emt 00:01:08]} Rh3 {[%clk 00:09:06] [%emt 00:03:12]} 33. Rxh3 {[%clk
00:33:21] [%emt 00:02:26]} gxh3 {[%clk 00:09:31] [%emt 00:00:06]} 34. Kd3 {[%clk
00:28:27] [%emt 00:05:24]} Kc5 {[%clk 00:04:54] [%emt 00:05:07]} 35. c3 {[%clk
00:28:18] [%emt 00:00:39]} b6 {[%clk 00:04:37] [%emt 00:00:48]} 36. a4 {[%clk
00:26:23] [%emt 00:02:24]} Kc6 {[%clk 00:01:59] [%emt 00:03:07]} 37. Kd4 {[%clk
00:14:34] [%emt 00:12:19]} Kd6 {[%clk 00:02:23] [%emt 00:00:06]} 38. b3 {[%clk
00:12:35] [%emt 00:02:29]} h6 {[%clk 00:00:50] [%emt 00:02:03]} 39. Kd3 {[%clk
00:11:43] [%emt 00:01:21]} Ke6 {[%clk 00:00:37] [%emt 00:00:44]} 40. Kd4 {[%clk
00:11:59] [%emt 00:00:14]} Kd6 {[%clk 00:00:53] [%emt 00:00:14]} 41. Kd3 {[%clk
00:11:02] [%emt 00:01:28]} Ke7 {[%clk 00:05:33] [%emt 00:45:49]} 42. Kd4 {[%clk
00:58:31] [%emt 00:03:01]} Ke6 {[%clk 00:05:22] [%emt 00:00:42]} 43. Kd3 {[%clk
00:57:16] [%emt 00:01:43]} Ke5 {[%clk 00:04:26] [%emt 00:01:27]} 44. Ke3 {[%clk
00:57:14] [%emt 00:00:32]} h5 {[%clk 00:03:28] [%emt 00:01:28]} 45. b4 {[%clk
00:49:43] [%emt 00:08:01]} a5 {[%clk 00:01:46] [%emt 00:02:12]} 46. Kd3 {[%clk
00:48:47] [%emt 00:01:26]} Kf4 {[%clk 00:01:28] [%emt 00:00:48]} 47. bxa5 {[%clk
00:47:55] [%emt 00:01:22]} bxa5 {[%clk 00:01:54] [%emt 00:00:05]} 48. Kd4 {[%clk
00:48:18] [%emt 00:00:06]} Kf3 {[%clk 00:02:21] [%emt 00:00:03]} 49. Kd3 {[%clk
00:44:47] [%emt 00:04:01]} Kg2 {[%clk 00:02:40] [%emt 00:00:10]} 50. Kd4 {[%emt
00:00:08]} 0-1

[Site "Europe Echecs"]

[Event "Grand Swiss "]
[Date "2025.09.08"]
[White "Giri, Anish"]
[Black "Oparin, Grigoriy"]
[WhiteElo "2746"]
[BlackElo "2660"]
[Round "5.5.9"]
[Result "1-0"]

1. d4 {[%clk 01:40:57] [%emt 00:00:01]} d5 {[%clk 01:40:48] [%emt 00:00:12]} 2.
c4 {[%clk 01:41:18] [%emt 00:00:09]} e6 {[%clk 01:41:15] [%emt 00:00:04]} 3. Nc3
{[%clk 01:41:42] [%emt 00:00:06]} c6 {[%clk 01:41:37] [%emt 00:00:09]} 4. cxd5
{[%clk 01:40:57] [%emt 00:01:14]} exd5 {[%clk 01:41:49] [%emt 00:00:18]} 5. Bf4
{[%clk 01:41:09] [%emt 00:00:17]} Bd6 {[%clk 01:39:36] [%emt 00:02:44]} 6. Bxd6
{[%clk 01:37:51] [%emt 00:03:48]} Qxd6 {[%clk 01:39:53] [%emt 00:00:13]} 7. e3
{[%clk 01:38:14] [%emt 00:00:06]} Ne7 {[%clk 01:36:19] [%emt 00:04:05]} 8. Qb3
{[%clk 01:18:18] [%emt 00:20:26]} O-O {[%clk 01:12:06] [%emt 00:24:43]} 9. Nf3
{[%clk 01:13:15] [%emt 00:05:32]} Nd7 {[%clk 01:04:44] [%emt 00:07:52]} 10. Be2
{[%clk 01:05:15] [%emt 00:08:29]} Nf6 {[%clk 01:02:02] [%emt 00:03:14]} 11. O-O
{[%clk 01:03:12] [%emt 00:02:33]} Bg4 {[%clk 00:54:36] [%emt 00:07:55]} 12. Qxb7
{[%clk 00:57:03] [%emt 00:06:39]} Rfb8 {[%clk 00:54:53] [%emt 00:00:13]} 13. Qa6
{[%clk 00:57:29] [%emt 00:00:04]} Rxb2 {[%clk 00:51:56] [%emt 00:03:28]} 14. Na4
{[%clk 00:38:09] [%emt 00:19:49]} Bc8 {[%clk 00:45:08] [%emt 00:07:18]} 15. Qd3
{[%clk 00:38:29] [%emt 00:00:10]} Bf5 {[%clk 00:45:34] [%emt 00:00:04]} 16. Qd1
{[%clk 00:38:10] [%emt 00:00:44]} Rbb8 {[%clk 00:45:36] [%emt 00:00:32]} 17. Nc5
{[%clk 00:35:50] [%emt 00:02:50]} Ne4 {[%clk 00:43:17] [%emt 00:02:50]} 18. Nxe4
{[%clk 00:34:40] [%emt 00:01:40]} Bxe4 {[%clk 00:43:43] [%emt 00:00:04]} 19. Nd2
{[%clk 00:33:38] [%emt 00:01:31]} Bf5 {[%clk 00:42:26] [%emt 00:01:48]} 20. Nb3
{[%clk 00:32:59] [%emt 00:01:09]} Qg6 {[%clk 00:40:06] [%emt 00:02:49]} 21. Nc5
{[%clk 00:25:48] [%emt 00:07:41]} Rb2 {[%clk 00:38:17] [%emt 00:02:19]} 22. Nd3
{[%clk 00:24:54] [%emt 00:01:23]} Bxd3 {[%clk 00:34:42] [%emt 00:04:06]} 23.
Bxd3 {[%clk 00:24:55] [%emt 00:00:29]} Qd6 {[%clk 00:35:07] [%emt 00:00:05]} 24.
Bc2 {[%clk 00:23:42] [%emt 00:01:42]} Rb4 {[%clk 00:32:59] [%emt 00:02:39]} 25.
Qd3 {[%clk 00:23:26] [%emt 00:00:47]} g6 {[%clk 00:33:10] [%emt 00:00:19]} 26.
Qa3 {[%clk 00:23:22] [%emt 00:00:33]} a5 {[%clk 00:31:58] [%emt 00:01:42]} 27.
Rab1 {[%clk 00:22:34] [%emt 00:01:17]} Qb8 {[%clk 00:30:07] [%emt 00:02:23]} 28.
Qc3 {[%clk 00:20:24] [%emt 00:02:40]} Ra6 {[%clk 00:21:31] [%emt 00:09:07]} 29.
Qc5 {[%clk 00:17:51] [%emt 00:03:02]} Qa7 {[%clk 00:20:51] [%emt 00:01:10]} 30.
Qd6 {[%clk 00:15:57] [%emt 00:02:24]} Rab6 {[%clk 00:19:24] [%emt 00:01:57]} 31.
Rxb4 {[%clk 00:14:56] [%emt 00:01:31]} Rxb4 {[%clk 00:18:57] [%emt 00:00:58]}
32. g3 {[%clk 00:10:20] [%emt 00:05:06]} Kg7 {[%clk 00:14:04] [%emt 00:05:23]}
33. Bd3 {[%clk 00:10:01] [%emt 00:00:48]} Rb7 {[%clk 00:12:47] [%emt 00:01:48]}
34. Qe5+ {[%clk 00:09:36] [%emt 00:00:55]} f6 {[%clk 00:12:59] [%emt 00:00:18]}
35. Qd6 {[%clk 00:08:41] [%emt 00:01:24]} Qb8 {[%clk 00:11:30] [%emt 00:02:00]}
36. Qc5 {[%clk 00:08:42] [%emt 00:00:28]} Qc7 {[%clk 00:08:17] [%emt 00:03:44]}
37. Qa3 {[%clk 00:06:20] [%emt 00:02:53]} Kf7 {[%clk 00:07:40] [%emt 00:01:07]}
38. Rc1 {[%clk 00:06:38] [%emt 00:00:12]} f5 {[%clk 00:07:23] [%emt 00:00:47]}
39. Kg2 {[%clk 00:04:31] [%emt 00:02:37]} h5 {[%clk 00:07:03] [%emt 00:00:49]}
40. h3 {[%clk 00:04:34] [%emt 00:00:28]} Ke6 {[%clk 00:06:04] [%emt 00:01:29]}
41. Rc3 {[%clk 00:44:37] [%emt 00:10:26]} Kd7 {[%clk 00:50:47] [%emt 00:05:47]}
42. Be2 {[%clk 00:41:01] [%emt 00:04:06]} Ke6 {[%clk 00:49:26] [%emt 00:01:51]}
43. Bd3 {[%clk 00:25:45] [%emt 00:15:46]} Kd7 {[%clk 00:49:39] [%emt 00:00:18]}
44. Rc5 {[%clk 00:22:55] [%emt 00:03:20]} Ra7 {[%clk 00:49:55] [%emt 00:00:13]}
45. Qb3 {[%clk 00:23:17] [%emt 00:00:09]} a4 {[%clk 00:40:49] [%emt 00:09:36]}
46. Qa3 {[%clk 00:23:09] [%emt 00:00:37]} Qb8 {[%clk 00:41:08] [%emt 00:00:12]}
47. Rc1 {[%clk 00:23:03] [%emt 00:00:36]} Qd6 {[%clk 00:41:07] [%emt 00:00:32]}
48. Qb2 {[%clk 00:23:05] [%emt 00:00:28]} a3 {[%clk 00:40:12] [%emt 00:01:25]}
49. Qb3 {[%clk 00:23:29] [%emt 00:00:06]} Qc7 {[%clk 00:38:54] [%emt 00:01:48]}
50. Rb1 {[%clk 00:23:40] [%emt 00:00:19]} Ke6 {[%clk 00:34:49] [%emt 00:04:34]}
51. Qc3 {[%clk 00:22:11] [%emt 00:02:00]} Qa5 {[%clk 00:32:54] [%emt 00:02:26]}
52. Qc1 {[%clk 00:22:36] [%emt 00:00:05]} Kf7 {[%clk 00:31:45] [%emt 00:01:38]}
53. Rb3 {[%clk 00:22:47] [%emt 00:00:19]} Ke6 {[%clk 00:32:10] [%emt 00:00:05]}
54. Qd1 {[%clk 00:21:25] [%emt 00:01:51]} Ra8 {[%clk 00:30:52] [%emt 00:01:48]}
55. Qb1 {[%clk 00:17:03] [%emt 00:04:52]} Kf6 {[%clk 00:29:24] [%emt 00:01:59]}
56. Rb4 {[%clk 00:17:20] [%emt 00:00:13]} Ke6 {[%clk 00:25:20] [%emt 00:04:33]}
57. Bc2 {[%clk 00:17:24] [%emt 00:00:26]} Ra7 {[%clk 00:25:38] [%emt 00:00:13]}
58. Ba4 {[%clk 00:12:00] [%emt 00:05:53]} Qc7 {[%clk 00:23:03] [%emt 00:03:05]}
59. Qb3 {[%clk 00:11:57] [%emt 00:00:32]} Qd6 {[%clk 00:23:22] [%emt 00:00:12]}
60. Qc3 {[%clk 00:10:08] [%emt 00:02:18]} Ra8 {[%clk 00:21:31] [%emt 00:02:21]}
61. Bc2 {[%clk 00:09:32] [%emt 00:01:06]} Qc7 {[%clk 00:21:14] [%emt 00:00:48]}
62. Qb3 {[%clk 00:06:51] [%emt 00:03:10]} Ra7 {[%clk 00:21:03] [%emt 00:00:42]}
63. Rb8 {[%clk 00:06:02] [%emt 00:01:17]} Kf7 {[%clk 00:19:35] [%emt 00:02:00]}
64. Bd3 {[%clk 00:04:52] [%emt 00:01:39]} Kg7 {[%clk 00:16:48] [%emt 00:03:18]}
65. Rb6 {[%clk 00:03:42] [%emt 00:01:40]} Nc8 {[%clk 00:14:51] [%emt 00:02:27]}
66. Ra6 {[%clk 00:13:31] [%emt 00:05:40]} Rxa6 {[%clk 00:29:37] [%emt 00:00:45]}
67. Bxa6 {[%clk 00:14:00]} Nb6 {[%clk 00:29:58] [%emt 00:00:08]} 68. Qxa3 {[%clk
00:14:01] [%emt 00:00:30]} Qa7 {[%clk 00:30:24] [%emt 00:00:03]} 69. Qd3 {[%clk
00:14:26] [%emt 00:00:05]} Na4 {[%clk 00:28:26] [%emt 00:02:29]} 70. Bc8 {[%clk
00:11:41] [%emt 00:03:14]} Qc7 {[%clk 00:14:48] [%emt 00:14:08]} 71. Qb3 {[%clk
00:05:27] [%emt 00:06:42]} Nb6 {[%clk 00:09:43] [%emt 00:05:38]} 72. Ba6 {[%clk
00:05:54] [%emt 00:00:02]} h4 {[%clk 00:10:09] [%emt 00:00:04]} 73. gxh4 {[%clk
00:06:15] [%emt 00:00:09]} f4 {[%clk 00:10:10] [%emt 00:00:29]} 74. exf4 {[%clk
00:06:16] [%emt 00:00:29]} c5 {[%clk 00:10:00] [%emt 00:00:40]} 75. dxc5 {[%clk
00:06:25] [%emt 00:00:21]} Qxc5 {[%clk 00:10:26] [%emt 00:00:04]} 76. Qe3 {[%clk
00:05:59] [%emt 00:00:56]} Qc6 {[%clk 00:08:33] [%emt 00:02:24]} 77. Qe7+ {[%clk
00:06:23] [%emt 00:00:06]} Kg8 {[%clk 00:08:22] [%emt 00:00:41]} 78. Bb7 {[%clk
00:05:03] [%emt 00:01:50]} Qb5 {[%clk 00:08:48] [%emt 00:00:04]} 79. h5 {[%clk
00:03:40] [%emt 00:01:53]} gxh5 {[%clk 00:09:09] [%emt 00:00:09]} 80. f5 {[%clk
00:04:07] [%emt 00:00:03]} d4 {[%clk 00:06:38] [%emt 00:03:01]} 81. Qe6+ {[%clk
00:03:45] [%emt 00:00:50]} Kf8 {[%clk 00:06:58] [%emt 00:00:12]} 82. Qf6+ {[%clk
00:04:07] [%emt 00:00:07]} Kg8 {[%clk 00:07:25] [%emt 00:00:04]} 83. Qxd4 {[%clk
00:03:37] [%emt 00:01:00]} 1-0

[Site "Europe Echecs"]

[Event "Grand Swiss "]
[Date "2025.09.08"]
[White "Aronian, Levon"]
[Black "Sargsyan, Shant"]
[WhiteElo "2744"]
[BlackElo "2653"]
[Round "5.5.10"]
[Result "1/2-1/2"]

1. d4 {[%clk 01:40:56] [%emt 00:00:03]} d5 {[%clk 01:39:43] [%emt 00:01:17]} 2.
c4 {[%clk 01:41:20] [%emt 00:00:06]} e6 {[%clk 01:40:06] [%emt 00:00:08]} 3. Nc3
{[%clk 01:41:45] [%emt 00:00:04]} c5 {[%clk 01:40:28] [%emt 00:00:07]} 4. cxd5
{[%clk 01:42:10] [%emt 00:00:05]} exd5 {[%clk 01:40:50] [%emt 00:00:09]} 5. Nf3
{[%clk 01:42:29] [%emt 00:00:11]} Nc6 {[%clk 01:41:12] [%emt 00:00:08]} 6. dxc5
{[%clk 01:42:54] [%emt 00:00:05]} d4 {[%clk 01:41:23] [%emt 00:00:19]} 7. Na4
{[%clk 01:43:18] [%emt 00:00:06]} Bxc5 {[%clk 01:41:43] [%emt 00:00:10]} 8. Nxc5
{[%clk 01:43:44] [%emt 00:00:04]} Qa5+ {[%clk 01:42:04] [%emt 00:00:09]} 9. Bd2
{[%clk 01:44:09] [%emt 00:00:05]} Qxc5 {[%clk 01:42:23] [%emt 00:00:11]} 10. Rc1
{[%clk 01:44:32] [%emt 00:00:08]} Qb6 {[%clk 01:42:18] [%emt 00:00:36]} 11. e3
{[%clk 01:44:55] [%emt 00:00:06]} Nf6 {[%clk 01:42:36] [%emt 00:00:12]} 12. Bc4
{[%clk 01:45:20] [%emt 00:00:05]} dxe3 {[%clk 01:42:24] [%emt 00:00:42]} 13.
Bxe3 {[%clk 01:44:58] [%emt 00:00:52]} Qb4+ {[%clk 01:42:48] [%emt 00:00:07]}
14. Kf1 {[%clk 01:45:21] [%emt 00:00:06]} Be6 {[%clk 01:42:43] [%emt 00:00:36]}
15. Qe2 {[%clk 01:45:09] [%emt 00:00:42]} Rd8 {[%clk 01:42:54] [%emt 00:00:19]}
16. Bxe6 {[%clk 01:45:32] [%emt 00:00:07]} fxe6 {[%clk 01:43:18] [%emt
00:00:05]} 17. h4 {[%clk 01:45:59] [%emt 00:00:04]} Qa5 {[%clk 01:42:52] [%emt
00:00:56]} 18. Bc5 {[%clk 01:43:08] [%emt 00:03:21]} Qxa2 {[%clk 01:41:27] [%emt
00:01:56]} 19. Rh3 {[%clk 01:42:53] [%emt 00:00:44]} Qd5 {[%clk 01:35:40] [%emt
00:06:17]} 20. Rg3 {[%clk 01:40:54] [%emt 00:02:30]} Rd7 {[%clk 01:25:59] [%emt
00:10:11]} 21. Ng5 {[%clk 01:41:16] [%emt 00:00:07]} e5 {[%clk 01:24:50] [%emt
00:01:40]} 22. f4 {[%clk 01:41:09] [%emt 00:00:36]} e4 {[%clk 01:23:56] [%emt
00:01:25]} 23. Re3 {[%clk 01:36:56] [%emt 00:04:42]} Qd2 {[%clk 01:09:25] [%emt
00:15:02]} 24. Qc4 {[%clk 01:31:10] [%emt 00:06:15]} Qd5 {[%clk 01:08:02] [%emt
00:01:53]} 25. Qa4 {[%clk 01:26:53] [%emt 00:04:47]} h6 {[%clk 01:04:03] [%emt
00:04:29]} 26. Nxe4 {[%clk 01:26:03] [%emt 00:01:20]} Nxe4 {[%clk 01:04:15]
[%emt 00:00:18]} 27. Rxe4+ {[%clk 01:26:19] [%emt 00:00:14]} Kf7 {[%clk
01:04:36] [%emt 00:00:09]} 28. Kg1 {[%clk 01:19:44] [%emt 00:07:05]} Re8 {[%clk
00:59:40] [%emt 00:05:26]} 29. Rxe8 {[%clk 01:19:49] [%emt 00:00:25]} Kxe8
{[%clk 01:00:04] [%emt 00:00:06]} 30. Kh2 {[%clk 01:13:35] [%emt 00:06:44]} Kf7
{[%clk 00:59:53] [%emt 00:00:41]} 31. Rc3 {[%clk 01:12:49] [%emt 00:01:15]}
1/2-1/2

[Site "Europe Echecs"]

[Event "Grand Swiss "]
[Date "2025.09.08"]
[White "Theodorou, Nikolas"]
[Black "Nepomniachtchi, Ian"]
[WhiteElo "2646"]
[BlackElo "2742"]
[Round "5.5.11"]
[Result "1/2-1/2"]

1. d4 {[%clk 01:40:53] [%emt 00:00:06]} Nf6 {[%clk 01:40:52] [%emt 00:00:08]} 2.
c4 {[%clk 01:41:14] [%emt 00:00:09]} e6 {[%clk 01:41:17] [%emt 00:00:06]} 3. Nc3
{[%clk 01:41:31] [%emt 00:00:14]} Bb4 {[%clk 01:41:41] [%emt 00:00:06]} 4. e3
{[%clk 01:41:51] [%emt 00:00:10]} c5 {[%clk 01:42:06] [%emt 00:00:05]} 5. Bd3
{[%clk 01:42:04] [%emt 00:00:17]} d5 {[%clk 01:42:29] [%emt 00:00:06]} 6. Nf3
{[%clk 01:42:03] [%emt 00:00:31]} dxc4 {[%clk 01:41:43] [%emt 00:01:17]} 7. Bxc4
{[%clk 01:42:24] [%emt 00:00:09]} O-O {[%clk 01:41:08] [%emt 00:01:03]} 8. O-O
{[%clk 01:42:41] [%emt 00:00:14]} Nc6 {[%clk 01:37:26] [%emt 00:04:12]} 9. a3
{[%clk 01:41:47] [%emt 00:01:25]} Ba5 {[%clk 01:37:03] [%emt 00:00:53]} 10. Bd3
{[%clk 01:39:54] [%emt 00:02:22]} h6 {[%clk 01:35:29] [%emt 00:02:04]} 11. h3
{[%clk 01:40:02] [%emt 00:00:22]} a6 {[%clk 01:35:29] [%emt 00:00:32]} 12. dxc5
{[%clk 01:33:21] [%emt 00:07:11]} Bxc3 {[%clk 01:35:07] [%emt 00:00:52]} 13.
bxc3 {[%clk 01:33:48] [%emt 00:00:02]} Qa5 {[%clk 01:34:36] [%emt 00:01:00]} 14.
Qc2 {[%clk 01:25:31] [%emt 00:08:48]} e5 {[%clk 01:34:46] [%emt 00:00:20]} 15.
Nd2 {[%clk 01:24:11] [%emt 00:01:50]} Qxc5 {[%clk 01:34:45] [%emt 00:00:31]} 16.
c4 {[%clk 00:55:40] [%emt 00:29:02]} Rd8 {[%clk 01:31:10] [%emt 00:04:05]} 17.
Rd1 {[%clk 00:56:05] [%emt 00:00:05]} Be6 {[%clk 01:26:01] [%emt 00:05:38]} 18.
Bb2 {[%clk 00:55:32] [%emt 00:01:03]} Rac8 {[%clk 01:24:42] [%emt 00:01:49]} 19.
Rac1 {[%clk 00:54:37] [%emt 00:01:26]} Rd7 {[%clk 01:20:09] [%emt 00:05:03]} 20.
Ne4 {[%clk 00:37:12] [%emt 00:17:55]} Nxe4 {[%clk 01:19:40] [%emt 00:00:59]} 21.
Bxe4 {[%clk 00:37:39] [%emt 00:00:03]} Rxd1+ {[%clk 01:10:29] [%emt 00:09:41]}
22. Qxd1 {[%clk 00:34:57] [%emt 00:03:13]} Rd8 {[%clk 01:08:05] [%emt 00:02:54]}
23. Qh5 {[%clk 00:31:37] [%emt 00:03:50]} f6 {[%clk 01:08:20] [%emt 00:00:15]}
24. Kh2 {[%clk 00:27:27] [%emt 00:04:41]} Kf8 {[%clk 01:00:18] [%emt 00:08:32]}
25. Qe2 {[%clk 00:25:55] [%emt 00:02:02]} Kg8 {[%clk 00:57:19] [%emt 00:03:29]}
26. f4 {[%clk 00:21:26] [%emt 00:04:58]} exf4 {[%clk 00:51:54] [%emt 00:05:55]}
27. exf4 {[%clk 00:21:49] [%emt 00:00:07]} Bf7 {[%clk 00:52:12] [%emt 00:00:12]}
28. Qg4 {[%clk 00:17:34] [%emt 00:04:46]} Kf8 {[%clk 00:52:30] [%emt 00:00:12]}
29. Qf3 {[%clk 00:16:03] [%emt 00:02:00]} Re8 {[%clk 00:51:02] [%emt 00:01:59]}
30. a4 {[%clk 00:14:17] [%emt 00:02:16]} Kg8 {[%clk 00:49:11] [%emt 00:02:20]}
31. Bd5 {[%clk 00:12:15] [%emt 00:02:33]} Qe3 {[%clk 00:49:13] [%emt 00:00:28]}
32. Qg4 {[%clk 00:12:04] [%emt 00:00:41]} h5 {[%clk 00:28:23] [%emt 00:21:20]}
33. Bxf7+ {[%clk 00:10:45] [%emt 00:01:49]} Kxf7 {[%clk 00:28:04] [%emt
00:00:49]} 34. Qxh5+ {[%clk 00:11:10] [%emt 00:00:05]} Kg8 {[%clk 00:28:17]
[%emt 00:00:17]} 35. Qd5+ {[%clk 00:11:17] [%emt 00:00:23]} Kh8 {[%clk 00:28:16]
[%emt 00:00:31]} 36. Qh5+ {[%clk 00:10:59] [%emt 00:00:48]} Kg8 {[%clk
00:28:45]} 37. Qd5+ {[%clk 00:11:24] [%emt 00:00:05]} Kh8 {[%clk 00:29:13] [%emt
00:00:02]} 38. Rf1 {[%clk 00:10:06] [%emt 00:01:47]} Qe2 {[%clk 00:26:23] [%emt
00:03:20]} 39. Rf3 {[%clk 00:06:56] [%emt 00:03:41]} Re3 {[%clk 00:24:40] [%emt
00:02:13]} 40. Qh5+ {[%clk 00:06:58] [%emt 00:00:28]} Kg8 {[%clk 00:25:08] [%emt
00:00:01]} 41. Qd5+ {[%clk 00:29:34] [%emt 00:27:54]} Kh8 {[%clk 01:13:09] [%emt
00:02:30]} 42. Rxe3 {[%clk 00:24:26] [%emt 00:05:39]} Qxe3 {[%clk 01:12:41]
[%emt 00:00:57]} 43. Qh5+ {[%clk 00:22:33] [%emt 00:02:22]} Kg8 {[%clk 01:13:09]
[%emt 00:00:01]} 44. Qd5+ {[%clk 00:22:58] [%emt 00:00:06]} Kh8 {[%clk 01:13:36]
[%emt 00:00:02]} 45. Qd6 {[%clk 00:22:15] [%emt 00:01:13]} Kh7 {[%clk 01:09:08]
[%emt 00:04:58]} 46. Qc7 {[%clk 00:16:43] [%emt 00:06:03]} Ne7 {[%clk 01:07:56]
[%emt 00:01:42]} 47. Qxb7 {[%clk 00:16:07] [%emt 00:01:06]} Qxf4+ {[%clk
01:08:14] [%emt 00:00:11]} 48. Kg1 {[%clk 00:16:32] [%emt 00:00:05]} Qe3+ {[%clk
01:06:13] [%emt 00:02:31]} 49. Kh2 {[%clk 00:16:56] [%emt 00:00:06]} Qf4+ {[%clk
01:06:09] [%emt 00:00:34]} 50. Kg1 {[%clk 00:17:20] [%emt 00:00:05]} Qe3+ {[%clk
01:06:33] [%emt 00:00:06]} 51. Kh2 {[%clk 00:17:45] [%emt 00:00:04]} 1/2-1/2

[Site "Europe Echecs"]